|
|
|
|
| LEADER |
01030nam a22003017a 4500 |
| 001 |
mzk03001209853 |
| 003 |
CZ BrMZK |
| 005 |
20141205102619.0 |
| 007 |
ta |
| 008 |
141108s1532 gw fr|||||00| ||gerod |
| 040 |
|
|
|a BOA001
|b cze
|c BOA001
|
| 072 |
|
7 |
|a 094
|x Staré tisky
|2 Konspekt
|9 12
|
| 080 |
|
|
|a (0.068)094
|2 MRF
|
| 100 |
1 |
|
|a Eck, Johannes,
|d 1486-1543
|7 jn20040421005
|4 aut
|
| 245 |
1 |
0 |
|a [Auslegung der Evangelien].
|n [Dritter Teil von den Festen der Heiligen]
|
| 260 |
|
|
|a [Ingolstadt :
|b G. Krapff,
|c 1532?]
|
| 300 |
|
|
|a [6], CXXXII zach. listů ;
|c 2°
|
| 500 |
|
|
|a Chybí titulní list a konec od f. 132 [podle rejstříku má být přes 300 listů]
|
| 500 |
|
|
|a Výzdoba: Dřevořezy
|
| 510 |
4 |
|
|a Dokoupil, V. Soupisy tisků 16. století z fondů Universitní knihovny v Brně,
|c Sv. 4, 82
|
| 655 |
|
7 |
|a staré tisky
|7 fd422076
|2 czenas
|
| 903 |
|
|
|a RP
|
| 910 |
|
|
|a BOE452
|b Mn
|
| 978 |
|
|
|b Krapff, Georg
|a Ingolstadt
|c 1532
|
| 984 |
|
|
|a Ingolstadt
|b Německo
|
| 985 |
|
|
|a 1501-1550
|
| 990 |
|
|
|a BK
|
| 991 |
|
|
|k minorite
|